| 000 | 00641na a2200217 4500 | ||
|---|---|---|---|
| 001 | 21223 | ||
| 003 | MIRAKIL | ||
| 005 | 20181213155031.0 | ||
| 008 | 170202b tu 000 0 | ||
| 040 |
_aMilas _btur _cTR-AnCHP |
||
| 041 | _atur | ||
| 082 |
_a351.7223 _bT96i 2009 |
||
| 090 | _a351.7223 T96i 2009 | ||
| 110 | _aTürk Patent Enstitüsü | ||
| 245 |
_a2009 yılı bütçe tasarısı _cTürk Patent Enstitüsü |
||
| 260 |
_aAnkara _bTürk Patent Enstitüsü _c2009 |
||
| 300 |
_a63 s. _btbl. _c20 sm. |
||
| 610 |
_aTürk Patent Enstitüsü _xBütçe tasarısı _y2009 |
||
| 710 | _aTürk Patent Enstitüsü | ||
| 942 |
_2ddc _cBKS |
||
| 999 |
_c5245 _d5245 |
||